Statistiken für Deutscher WM Kader 2014

Klicken Sie hier um das Quiz zu spielen!

Allgemein

  • Dieses Quiz wurde 102 mal gespielt
    (100 seit der letzten Aktualisierung)
  • Das Durchschnittsergebnis liegt bei 18 aus 23

Antwortstatistiken

Trikot Nr.Spieler% Korrekt
1Neuer
99%
13Müller
94%
11Klose
93%
16Lahm
93%
20Boateng
92%
5Hummels
92%
7Schweinsteiger
92%
19Götze
91%
18Kroos
90%
8Özil
88%
9Schürrle
88%
4Höwedes
85%
6Khedira
84%
22Weidenfeller
84%
10Podolski
79%
17Mertesacker
73%
12Zieler
73%
23Kramer
72%
2Großkreutz
65%
15Durm
60%
14Draxler
58%
21Mustafi
51%
3Ginter
45%

Verteilung der Resultate

Perzentil nach korrekt beantworteten Fragen

Anzahl Personen mit jedem Resultat

Ihre Resultats-Entwicklung

Sie haben dieses Quiz seit der letzten Aktualisierung nicht gespielt